Alle Städte an der Unstrut - Statistiken

Allgemein
  • Dieses Quiz wurde 56 mal gespielt
  • Das Durchschnittsergebnis liegt bei 6 aus 13
Antwortstatistiken
Einwohner Stadt Bundesland % Korrekt
36.090 Mühlhausen (Thüringen) TH
92%
17.271 Bad Langensalza TH
78%
32.155 Naumburg (Saale) ST
76%
18.947 Sömmerda TH
70%
6.688 Artern TH
51%
4.571 Freyburg (Unstrut) ST
46%
6.887 Dingelstädt TH
41%
3.064 Nebra (Unstrut) ST
38%
3.699 Weißensee TH
38%
2.831 Laucha an der Unstrut ST
30%
7.476 Roßleben-Wiehe TH
30%
2.116 Gebesee TH
27%
5.967 An der Schmücke TH
24%
Keine übereinstimmenden Quizze gefunden
Verteilung der Resultate
Anzahl Personen mit jedem Resultat
Perzentil nach korrekt beantworteten Fragen
Ihre Resultats-Entwicklung
Sie haben dieses Quiz noch nicht gespielt